000 006110000a22001930004500
090 _aAR
_b02909
245 1 0 _aWoodland biodiversity, palaeo-human ecology and some implications for conservation management
650 1 4 _aSociedades prehistóricas
_996428
650 1 4 _aPaleoecología
_9148
650 1 4 _aBiodiversidad
_992204
651 4 _pEscocia
_992749
041 0 _aInglés
700 1 _aBuchanan, James
_996429
700 1 _aDavies, Althea
_996430
700 1 _aTisdall, Eileen
_996431
100 1 _aTipping, Richard
_996432
942 _cARTICULO
773 1 _tJournal of Biogeography
_3248
_q33-43
_d1999
_g26
999 _c11969
_d11969